[Event "Porto San Giorgio op-A 21st"]
[Site "Porto San Giorgio"]
[Date "2009.08.24"]
[Round "4"]
[White "Fiorentini, Paolo"]
[Black "Rago, Riccardo"]
[Result "1-0"]
[WhiteElo "1973"]
[BlackElo "2088"]
[PlyCount "52"]
[EventDate "2009.08.21"]
[EventType "swiss"]
[EventRounds "9"]
[EventCountry "ITA"]
[SourceTitle "CBM 131 Extra"]
[Source "ChessBase"]
[SourceDate "2009.09.03"]
[SourceVersion "2"]
[SourceVersionDate "2009.09.16"]
[SourceQuality "1"]

1. e4 c5 2. Nf3 Nc6 3. d4 cxd4 4. Nxd4 Nf6 5. Nc3 d6 6. f3 e6 7. Be3 Be7 8. Qd2 a6 9. 0-0-0 Qc7 10. g4 h6 11. h4 Bd7 12. Be2 Nxd4 13. Bxd4 e5 14. Be3 Bc6 15. g5 hxg5 16. hxg5 Rxh1 17. Rxh1 Nd7 18. Bc4 Bf8 19. Bb3 b5 20. Nd5 Qb8 21. Qa5 Qd8 22. Qd2 Nc5 23. Rh8 Nxb3+ 24. axb3 Bxd5 25. Qxd5 Rc8 26. g6 fxg6 1-0

[Event "Mirandola Giovanni Pico op 2nd"]
[Site "Mirandola"]
[Date "2009.01.11"]
[Round "4"]
[White "Trangoni, Bruno"]
[Black "Fiorentini, Paolo"]
[Result "1-0"]
[WhiteElo "1998"]
[BlackElo "1982"]
[PlyCount "59"]
[EventDate "2009.01.09"]
[EventType "swiss"]
[EventRounds "5"]
[EventCountry "ITA"]
[SourceTitle "EXT 2011"]
[Source "ChessBase"]
[SourceDate "2010.11.26"]
[SourceVersion "1"]
[SourceVersionDate "2010.11.26"]
[SourceQuality "1"]

1. Nf3 g6 2. d4 Bg7 3. Bf4 Nf6 4. e3 d6 5. h3 Nbd7 6. Be2 0-0 7. 0-0 c5 8. c3 b6 9. Nbd2 Bb7 10. Qb3 Rc8 11. a4 cxd4 12. exd4 Qc7 13. Rfe1 Rce8 14. Bc4 h6 15. Bh2 Qc8 16. a5 g5 17. axb6 axb6 18. Ra7 Qc7 19. Ba6 Rb8 20. Rxe7 Qc8 21. Rxb7 Rxb7 22. Bxb7 Qxb7 23. Bxd6 Qc6 24. Ba3 Nd5 25. Re1 Rc8 26. g3 Bf6 27. Ne4 Bg7 28. Nd6 Rd8 29. Nf5 Qa8 30. Qxd5 1-0

[Event "Mirandola Giovanni Pico op 2nd"]
[Site "Mirandola"]
[Date "2009.01.10"]
[Round "3"]
[White "Marino, Francesco"]
[Black "Fiorentini, Paolo"]
[Result "0-1"]
[WhiteElo "1854"]
[BlackElo "1982"]
[PlyCount "126"]
[EventDate "2009.01.09"]
[EventType "swiss"]
[EventRounds "5"]
[EventCountry "ITA"]
[SourceTitle "EXT 2011"]
[Source "ChessBase"]
[SourceDate "2010.11.26"]
[SourceVersion "1"]
[SourceVersionDate "2010.11.26"]
[SourceQuality "1"]

1. c4 g6 2. Nc3 Bg7 3. g3 e6 4. Bg2 Ne7 5. d3 0-0 6. Rb1 d5 7. cxd5 exd5 8. Nf3 b6 9. Bf4 Bb7 10. 0-0 a6 11. Qc2 Nd7 12. Rfc1 c5 13. Qb3 Rc8 14. Nd2 b5 15. Bh3 f5 16. a3 Kh8 17. Bg5 Nf6 18. Na4 c4 19. dxc4 dxc4 20. Nxc4 Rxc4 21. Rxc4 Qd5 22. f3 Qxc4 23. Qxc4 bxc4 24. Nb6 h6 25. Bd2 Bd5 26. Bb4 Re8 27. Bf1 Nc6 28. Bc5 Bf7 29. e3 Bf8 30. Bxf8 Rxf8 31. Nxc4 Bxc4 32. Bxc4 a5 33. b4 axb4 34. axb4 Ne5 35. Be2 Nd5 36. b5 Nc3 37. Rb2 Nxe2+ 38. Rxe2 Nxf3+ 39. Kg2 Ng5 40. b6 Rb8 41. Rb2 Ne4 42. Kf3 Rb7 43. g4 Nf6 44. gxf5 gxf5 45. Rb4 Nd7 46. Kf4 Rxb6 47. Rxb6 Nxb6 48. Kxf5 Kg7 49. h4 Kf7 50. h5 Nc8 51. e4 Ne7+ 52. Ke5 Nc6+ 53. Kf4 Nd8 54. Ke5 Ne6 55. Kd6 Nf4 56. e5 Nxh5 57. e6+ Kg6 58. Ke5 Ng7 59. e7 h5 60. Kf4 Kf6 61. Kg3 Kxe7 62. Kh4 Kf6 63. Kg3 Kg5 0-1

[Event "Correggio op 1st"]
[Site "Correggio"]
[Date "2007.12.09"]
[Round "5"]
[White "Buriani, Andrea"]
[Black "Fiorentini, Paolo"]
[Result "1-0"]
[WhiteElo "2138"]
[BlackElo "1984"]
[PlyCount "79"]
[EventDate "2007.12.07"]
[EventType "swiss"]
[EventRounds "6"]
[EventCountry "ITA"]
[SourceTitle "EXT 2010"]
[Source "ChessBase"]
[SourceDate "2010.11.25"]
[SourceVersion "1"]
[SourceVersionDate "2010.11.25"]
[SourceQuality "1"]

1. d4 Nf6 2. Nf3 e6 3. e3 c5 4. Nbd2 cxd4 5. exd4 b6 6. Bd3 Bb7 7. 0-0 Be7 8. c4 0-0 9. b3 Re8 10. Bb2 d6 11. Qe2 Nbd7 12. Rad1 Rc8 13. Rfe1 Bf8 14. Nf1 d5 15. N1d2 Nb8 16. Ne5 Nc6 17. Ndf3 Nb4 18. Bb1 h6 19. a3 Nc6 20. Nxc6 Rxc6 21. Ne5 Rc7 22. Qd3 dxc4 23. bxc4 Qa8 24. Ng4 Ne4 25. f3 f5 26. fxe4 fxg4 27. Rd2 Qc8 28. Rc1 Ba6 29. Rdc2 Rd8 30. e5 Rf7 31. Qg6 Rf5 32. Re2 Bxc4 33. Bxf5 exf5 34. Rf2 g3 35. hxg3 Qa6 36. Qxf5 b5 37. a4 Be6 38. Qg6 Rb8 39. Rc7 Qb6 40. Rxf8+ 1-0

[Event "Correggio op 1st"]
[Site "Correggio"]
[Date "2007.12.09"]
[Round "6"]
[White "Fiorentini, Paolo"]
[Black "Bonade, Massimo"]
[Result "0-1"]
[WhiteElo "1984"]
[BlackElo "2168"]
[PlyCount "88"]
[EventDate "2007.12.07"]
[EventType "swiss"]
[EventRounds "6"]
[EventCountry "ITA"]
[SourceTitle "EXT 2010"]
[Source "ChessBase"]
[SourceDate "2010.11.25"]
[SourceVersion "1"]
[SourceVersionDate "2010.11.25"]
[SourceQuality "1"]

1. d4 Nf6 2. c4 e6 3. e3 b6 4. Nf3 Bb7 5. Bd3 d5 6. 0-0 Bd6 7. Nc3 0-0 8. Qe2 Ne4 9. Nd2 f5 10. g3 Nd7 11. f3 Nxc3 12. bxc3 Kh8 13. e4 fxe4 14. fxe4 Rxf1+ 15. Kxf1 Qf6+ 16. Kg1 dxc4 17. Nxc4 e5 18. Be3 Qg6 19. Bd2 Rf8 20. Rf1 Rxf1+ 21. Kxf1 Qf6+ 22. Qf2 Qe7 23. Qf5 g6 24. Qf3 Kg7 25. Kg1 Qf6 26. Qg4 Qf7 27. Bc2 Nf6 28. Qe2 Qe7 29. Bg5 h6 30. Bd2 Ba6 31. Bd3 Bxc4 32. Bxc4 exd4 33. Bd3 Be5 34. cxd4 Bxd4+ 35. Kh1 c5 36. Bf4 Be5 37. Bd2 Qd7 38. Be3 Qh3 39. Bf4 Qe6 40. Be3 Qg4 41. Qd2 Qf3+ 42. Kg1 Ng4 43. Bf2 Nxf2 44. Bf1 Bd4 0-1

[Event "Correggio op 1st"]
[Site "Correggio"]
[Date "2007.12.07"]
[Round "2"]
[White "Fiorentini, Paolo"]
[Black "Rubini, Alessandro"]
[Result "1-0"]
[WhiteElo "1984"]
[BlackElo "1733"]
[PlyCount "79"]
[EventDate "2007.12.07"]
[EventType "swiss"]
[EventRounds "6"]
[EventCountry "ITA"]
[SourceTitle "EXT 2010"]
[Source "ChessBase"]
[SourceDate "2010.11.25"]
[SourceVersion "1"]
[SourceVersionDate "2010.11.25"]
[SourceQuality "1"]

1. d4 Nf6 2. c4 g6 3. Nc3 Bg7 4. e4 d6 5. f4 0-0 6. Nf3 c5 7. d5 e6 8. Be2 exd5 9. cxd5 a6 10. a4 Ne8 11. 0-0 Nd7 12. Kh1 f5 13. Ng5 Nc7 14. e5 Qe7 15. Bc4 Nb6 16. Bb3 h6 17. Nf3 Nd7 18. Nd2 Kh7 19. Nc4 Ne8 20. exd6 Nxd6 21. Re1 Ne4 22. Nxe4 fxe4 23. Bc2 Nf6 24. Ne5 Rd8 25. Qe2 Rxd5 26. Bxe4 Nxe4 27. Qxe4 Rd6 28. Be3 Bf5 29. Qc4 b6 30. a5 Bxe5 31. fxe5 Qxe5 32. Bxc5 Qd5 33. Qc3 Re6 34. Rxe6 Bxe6 35. Bxb6 Rc8 36. Qg3 Rc4 37. Re1 Rg4 38. Qf2 Rg5 39. Qe2 Bh3 40. Qe7+ 1-0